| 000 | 00580nam a22002177a 4500 | ||
|---|---|---|---|
| 999 |
_c7739 _d7739 |
||
| 003 | OSt | ||
| 005 | 20220225102849.0 | ||
| 008 | 220225b ||||| |||| 00| 0 eng d | ||
| 020 | _a0521447011 | ||
| 040 | _cDDC | ||
| 082 | _a531.32 MAI 1993 | ||
| 100 |
_a Main, Iain G. _915793 |
||
| 245 | _aVibrations and waves in physics | ||
| 250 | _a3rd ed. | ||
| 260 |
_a New York: _bCambridge University Press; _c1993. |
||
| 300 |
_axviii, 359 p. : _b ill. ; _c 24 cm. |
||
| 504 | _aIncludes index. | ||
| 650 |
_aVibration. _98045 |
||
| 650 |
_aWaves. _98027 |
||
| 942 |
_2ddc _cO_SHELF |
||